Nuevo diccionario etimológico latín-español y de las voces derivadas / (Record no. 174509)

MARC details
000 -LEADER
campo de control de longitud fija 00972nam a2200277 i 4500
001 - NÚMERO DE CONTROL
campo de control 174509
003 - IDENTIFICADOR DE NÚMERO DE CONTROL
campo de control ES-MaACL
005 - FECHA Y HORA DE LA ÚLTIMA TRANSACCIÓN
campo de control 20240224135857.0
008 - DATOS DE LONGITUD FIJA--INFORMACIÓN GENERAL
campo de control de longitud fija 100430s2006 sp bf d |||| | spa d
020 ## - NÚMERO INTERNACIONAL ESTÁNDAR DEL LIBRO
Número Internacional Estándar del Libro 84-7485-754-6
080 ## - NÚMERO DE LA CLASIFICACIÓN DECIMAL UNIVERSAL
Número de la Clasificación Decimal Universal (038)=124=134.2
100 1# - ENTRADA PRINCIPAL--NOMBRE DE PERSONA
Nombre de persona Segura Munguía, Santiago.
9 (RLIN) 105222
245 10 - MENCIÓN DEL TÍTULO
Título Nuevo diccionario etimológico latín-español y de las voces derivadas /
Mención de responsabilidad, etc. Santiago Segura Munguía.
250 ## - MENCION DE EDICION
Mención de edición 3ª ed.
260 ## - PUBLICACIÓN, DISTRIBUCIÓN, ETC.
Lugar de publicación, distribución, etc. Bilbao :
Nombre del editor, distribuidor, etc. Universidad de Deusto,
Fecha de publicación, distribución, etc. 2006.
300 ## - DESCRIPCIÓN FÍSICA
Extensión XIX, 1251 p., [8] p. de mapas ;
Dimensiones 24 cm.
490 1# - MENCIÓN DE SERIE
Mención de serie Letras ;
Designación de volumen o secuencia 34
500 ## - NOTA GENERAL
Nota general Índices etimológicos.
505 8# - NOTA DE CONTENIDO CON FORMATO
Nota de contenido con formato Apéndice de gramática latina: p. [1225]-1251
650 #4 - PUNTO DE ACCESO ADICIONAL DE MATERIA--TÉRMINO DE MATERIA
Término de materia o nombre geográfico como elemento de entrada Lengua latina-
Subdivisión de forma Diccionarios-
Subdivisión general Español.
9 (RLIN) 14295
710 2# - ENTRADA AGREGADA--NOMBRE DE ENTIDAD CORPORATIVA
Nombre de entidad corporativa o nombre de jurisdicción como elemento de entrada Universidad de Deusto.
9 (RLIN) 7172
830 1# - PUNTO DE ACCESO ADICIONAL DE SERIE-TÍTULO UNIFORME
Título uniforme Letras ;
Designación de volumen o secuencia 34
9 (RLIN) 178861
852 ## - LOCALIZACIÓN
Ubicación ES-MaACL
Número de control de estantería A-15196
itemnumber 181229
Ubicación en estantería Depósito 1
Signatura antigua Olim: DIC L 124=134.2 SEG
-- Olim: Meseton
942 ## - ELEMENTOS DE ENTRADA SECUNDARIOS (KOHA)
Fuente del sistema de clasificación o colocación Clasificación decimal universal
Holdings
Estatus retirado Estado de pérdida Fuente del sistema de clasificación o colocación Estado de daño No para préstamo Colección Biblioteca de origen Biblioteca actual Ubicación en estantería Fecha de adquisición Total de préstamos Signatura topográfica completa Código de barras Visto por última vez Precio de reemplazo Tipo de ítem Koha
    Clasificación decimal universal     Colección de referencia Biblioteca del Ateneo de Madrid Biblioteca del Ateneo de Madrid Depósito 1 30/04/2010   A-15196 1183194 23/02/2023 23/02/2023 Libro impreso